[Event "World Junior Girls 2015"]
[Site "Khanty-Mansiysk RUS"]
[Date "2015.09.13"]
[Round "11.23"]
[White "Voskresenskaya, Marta"]
[Black "Leonardi, Caterina"]
[Result "0-1"]
[WhiteElo "1703"]
[BlackElo "2080"]
[WhiteFideId "34127795"]
[BlackFideId "14601036"]
[EventDate "2015.09.02"]

1. d4 d5 2. c4 c6 3. Nf3 Nf6 4. Nc3 a6 5. cxd5 cxd5 6. Bf4 Nc6 7. e3 g6 8. h3
Bg7 9. Bd3 O-O 10. O-O b5 11. a3 Bb7 12. b4 Rc8 13. Rc1 Ne8 14. Nd2 e5 15. dxe5
Nxe5 16. Nb3 Nd7 17. Qd2 Qb6 18. Ne2 Nd6 19. Bxd6 Qxd6 20. Ned4 Ne5 21. Nc5 Ba8
22. Be2 Nc6 23. Bf3 Ne5 24. Rfd1 Rfd8 25. Be2 Qb6 26. Qa2 Nc4 27. Qb3 a5 28. Rc2
a4 29. Qd3 Bf8 30. Qc3 Bxc5 31. bxc5 Qxc5 32. Bxc4 dxc4 33. Rb1 Bc6 34. Nxc6
Qxc6 35. Rcb2 Rd3 36. Qc2 Rb3 37. Ra2 Rd8 38. Rab2 Rdd3 39. Rxb3 axb3 40. Qb2
Qd6 41. Rc1 h6 42. g3 Rd2 43. Qc3 b2 44. Rf1 Qd3 45. Qe5 Qxf1+ 46. Kxf1 b1=Q+
47. Kg2 Qb2 0-1

[Event "World Junior Girls 2015"]
[Site "Khanty-Mansiysk RUS"]
[Date "2015.09.13"]
[Round "11.24"]
[White "Gelip, Ioana"]
[Black "Musaeva, Shakhnazi"]
[Result "1-0"]
[WhiteElo "2139"]
[BlackElo "1586"]
[WhiteFideId "1202260"]
[BlackFideId "13801643"]
[EventDate "2015.09.02"]

1. e4 c5 2. Nf3 d6 3. d4 cxd4 4. Nxd4 Nf6 5. Nc3 a6 6. Bc4 e6 7. Bb3 Be7 8. g4
h6 9. Be3 Qc7 10. Qe2 b5 11. a3 Nc6 12. Rg1 Bb7 13. f3 Na5 14. h4 g6 15. O-O-O
Nc4 16. Ndxb5 axb5 17. Nxb5 Qd7 18. Bxc4 Qc6 19. Nxd6+ 1-0

[Event "World Junior Girls 2015"]
[Site "Khanty-Mansiysk RUS"]
[Date "2015.09.14"]
[Round "12.1"]
[White "Derakhshani, Dorsa"]
[Black "Buksa, Nataliya"]
[Result "1/2-1/2"]
[WhiteTitle "WIM"]
[BlackTitle "WFM"]
[WhiteElo "2244"]
[BlackElo "2199"]
[WhiteFideId "12500330"]
[BlackFideId "14123622"]
[EventDate "2015.09.02"]

1. e4 c5 2. Nf3 e6 3. d4 cxd4 4. Nxd4 a6 5. Nc3 Qc7 6. Bd3 Nc6 7. Be3 Nf6 8. O-O
Nxd4 9. Bxd4 Bc5 10. Bxf6 gxf6 11. Qf3 Bd4 12. Nd1 h5 13. c3 Be5 14. Qh3 b6 15.
Qh4 Qc5 16. Kh1 Qe7 17. Ne3 Bc7 18. Rae1 Qd6 19. Be2 Qf4 20. Qxf4 Bxf4 21. Nc4
Rb8 22. Rd1 Ke7 23. Rd3 b5 24. Na5 h4 25. Rfd1 Bc7 26. Nb3 d6 27. f4 Bb7 28. Nc5
Bc8 29. Nb3 Bb7 30. Nc5 Bc8 31. Nb3 Bb7 32. Nc5 Bc8 1/2-1/2

[Event "World Junior Girls 2015"]
[Site "Khanty-Mansiysk RUS"]
[Date "2015.09.14"]
[Round "12.2"]
[White "Saduakassova, Dinara"]
[Black "Ziaziulkina, Nastassia"]
[Result "1-0"]
[WhiteTitle "WGM"]
[BlackTitle "IM"]
[WhiteElo "2409"]
[BlackElo "2401"]
[WhiteFideId "13700090"]
[BlackFideId "13505211"]
[EventDate "2015.09.02"]

1. d4 d5 2. c4 c6 3. cxd5 cxd5 4. Bf4 Nc6 5. e3 Nf6 6. Nc3 Bg4 7. Qb3 Na5 8.
Qa4+ Bd7 9. Qc2 Rc8 10. Nf3 e6 11. Bd3 Nh5 12. Bg5 f6 13. Bxh7 Nc4 14. Bg6+ Ke7
15. Bh4 Qa5 16. O-O Rh6 17. Rac1 Nxb2 18. Qxb2 Rxg6 19. Ne5 Rh6 20. Qxb7 Qd8 21.
Nxd5+ exd5 22. Nxd7 Qxd7 23. Qxc8 Qxc8 24. Rxc8 g5 25. Bg3 Nxg3 26. hxg3 1-0

[Event "World Junior Girls 2015"]
[Site "Khanty-Mansiysk RUS"]
[Date "2015.09.14"]
[Round "12.3"]
[White "Abdumalik, Zhansaya"]
[Black "Fataliyeva, Ulviyya"]
[Result "1-0"]
[WhiteTitle "WGM"]
[BlackTitle "WIM"]
[WhiteElo "2380"]
[BlackElo "2301"]
[WhiteFideId "13703544"]
[BlackFideId "13403052"]
[EventDate "2015.09.02"]

1. e4 e6 2. d4 d5 3. Nc3 dxe4 4. Nxe4 Be7 5. Nf3 Nd7 6. Bd3 Ngf6 7. c3 c5 8. O-O
cxd4 9. Nxd4 O-O 10. Ng3 Qc7 11. Qe2 Re8 12. Re1 Bf8 13. Ne4 Nxe4 14. Qxe4 g6
15. Qh4 Nc5 16. Bc2 Bd7 17. Nf3 e5 18. b4 Ba4 19. Ng5 h6 20. Bxa4 Nxa4 21. Ne4
Be7 22. Qxh6 Nxc3 23. Ng5 Bf6 24. Qh7+ Kf8 25. Be3 Na4 26. Rac1 Qe7 27. Ne4 Rec8
28. Bh6+ Ke8 29. Qg8+ Kd7 30. Red1+ 1-0

[Event "World Junior Girls 2015"]
[Site "Khanty-Mansiysk RUS"]
[Date "2015.09.14"]
[Round "12.4"]
[White "Bivol, Alina"]
[Black "Gaboyan, Susanna"]
[Result "1-0"]
[WhiteTitle "WIM"]
[WhiteElo "2321"]
[BlackElo "2107"]
[WhiteFideId "4100123"]
[BlackFideId "13303627"]
[EventDate "2015.09.02"]

1. Nf3 Nf6 2. g3 g6 3. Bg2 Bg7 4. O-O O-O 5. d4 d5 6. Nbd2 c5 7. dxc5 Qc7 8. Nb3
Nc6 9. c3 e5 10. Bg5 Be6 11. Qc1 a5 12. Bh6 a4 13. Bxg7 Kxg7 14. Nbd2 Qa5 15.
Ng5 Qxc5 16. e4 d4 17. cxd4 Qxd4 18. Nxe6+ fxe6 19. Nf3 Qb6 20. Qc4 Rfe8 21.
Rad1 Qa6 22. Rc1 h6 23. Rfe1 Qxc4 24. Rxc4 Ra5 25. Rd1 Kf7 26. Bf1 Ke7 27. Rd3
Rd8 28. Ra3 Nd4 29. Rc7+ Rd7 30. Rxd7+ Nxd7 31. Kg2 Kd6 32. b4 Ra8 33. Rd3 Nb6
34. Nxd4 exd4 35. Rxd4+ Ke5 36. Rd2 Kxe4 37. Rd6 Nd5 38. Rxe6+ Kf5 39. Rd6 Nxb4
40. a3 Ke5 41. Rd2 Nd5 42. f4+ Kd6 43. Bd3 g5 44. Be4 Ra5 45. Kf3 gxf4 46. gxf4
Rc5 47. Kg4 Ke6 48. f5+ Ke5 49. Rxd5+ Rxd5 50. Bxd5 Kxd5 51. Kh5 1-0

[Event "World Junior Girls 2015"]
[Site "Khanty-Mansiysk RUS"]
[Date "2015.09.14"]
[Round "12.5"]
[White "Osmanodja, Filiz"]
[Black "Makarenko, Alexandra"]
[Result "1/2-1/2"]
[WhiteTitle "WIM"]
[BlackTitle "WFM"]
[WhiteElo "2309"]
[BlackElo "2229"]
[WhiteFideId "24633569"]
[BlackFideId "4165055"]
[EventDate "2015.09.02"]

1. e4 e5 2. Nf3 Nc6 3. Bb5 g6 4. c3 a6 5. Bc4 Qe7 6. O-O d6 7. d4 Bg4 8. d5 Nd8
9. h3 Bxf3 10. Qxf3 Bh6 11. Bxh6 Nxh6 12. Qe3 Qh4 13. f4 f6 14. fxe5 fxe5 15.
Nd2 Ndf7 16. Nf3 Qg3 17. Qd2 O-O 18. Bd3 Kg7 19. Rae1 Ng8 20. Kh1 Nf6 21. Re3
Ng5 22. Nh2 Qh4 23. Qe1 Qxe1 24. Rfxe1 Nh5 25. h4 Nf7 26. g3 Nh6 27. Kg2 Rf7 28.
Rf1 Nf6 29. Be2 a5 30. g4 Nd7 31. g5 Ng8 32. h5 gxh5 33. Rxf7+ Kxf7 34. Bxh5+
Kg7 35. Rf3 Rf8 36. Rxf8 Kxf8 37. b4 axb4 38. cxb4 h6 39. gxh6 Nxh6 40. Be2 Ke7
41. a4 Kd8 42. a5 Nf6 43. Kf3 Nf7 44. Ke3 Ng5 45. Bd3 Nh3 46. b5 Kc8 47. Bf1 Nf4
48. Nf3 Kb8 49. Ng5 Ng4+ 50. Kd2 Nf2 51. Bc4 Kc8 52. Bf1 Kb8 53. Bc4 Kc8 54. Ke3
Nd1+ 55. Kf3 Nb2 56. Bf1 Nfd3 57. Kg4 Nc5 58. Kf5 Nd1 59. Be2 Nc3 60. Bc4 Kb8
61. Bf1 Nb3 62. a6 Nd4+ 63. Kf6 Ndxb5 64. axb7 Kxb7 65. Ke7 c6 66. dxc6+ Kxc6
67. Ke6 Kc5 68. Bg2 Kd4 69. Nf3+ Ke3 70. Nxe5 Nxe4 71. Nc4+ Kd4 72. Bxe4 Kxc4
73. Bc6 1/2-1/2

[Event "World Junior Girls 2015"]
[Site "Khanty-Mansiysk RUS"]
[Date "2015.09.14"]
[Round "12.6"]
[White "Mammadzada, Gunay"]
[Black "Navrotescu, Andreea-Cristiana"]
[Result "1-0"]
[WhiteTitle "WGM"]
[BlackTitle "WFM"]
[WhiteElo "2355"]
[BlackElo "2263"]
[WhiteFideId "13403729"]
[BlackFideId "675946"]
[EventDate "2015.09.02"]

1. e4 c5 2. Nf3 e6 3. d4 cxd4 4. Nxd4 Nc6 5. Nc3 Qc7 6. f4 a6 7. Nxc6 bxc6 8. e5
d6 9. exd6 Bxd6 10. Ne4 Bxf4 11. Bxf4 Qxf4 12. Qd4 e5 13. Nd6+ Kf8 14. Qc5 Ne7
15. Bc4 f6 16. Rd1 Bg4 17. Rd2 Bh5 18. Rf1 Qxh2 19. Nf5 Re8 20. Rd8 Qh4+ 21.
Nxh4 Rxd8 22. Nf5 1-0

[Event "World Junior Girls 2015"]
[Site "Khanty-Mansiysk RUS"]
[Date "2015.09.14"]
[Round "12.7"]
[White "Khomeriki, Nino"]
[Black "Ibrahimova, Sabina"]
[Result "1-0"]
[WhiteTitle "WFM"]
[BlackTitle "WIM"]
[WhiteElo "2296"]
[BlackElo "2215"]
[WhiteFideId "13603191"]
[BlackFideId "13403893"]
[EventDate "2015.09.02"]

1. Nf3 c5 2. g3 Nc6 3. c4 g6 4. Bg2 Bg7 5. Nc3 d6 6. O-O Nf6 7. d4 cxd4 8. Nxd4
Bd7 9. Nc2 O-O 10. b3 h5 11. Bb2 Qa5 12. Qd2 h4 13. Rfd1 Qh5 14. Ne3 hxg3 15.
hxg3 Bh6 16. Ncd5 Nxd5 17. Nxd5 Bg4 18. Qc3 f6 19. Re1 Rad8 20. Bc1 g5 21. Bb2
Bc8 22. Rad1 Bg7 23. Qe3 Qf7 24. Rd2 a6 25. Red1 Ne5 26. Bxe5 fxe5 27. Qxg5
Qxf2+ 28. Kh1 Kf7 29. Qh5+ Kg8 30. Nxe7# 1-0

[Event "World Junior Girls 2015"]
[Site "Khanty-Mansiysk RUS"]
[Date "2015.09.14"]
[Round "12.8"]
[White "Lingur, Zalina"]
[Black "Drogovoz, Irina"]
[Result "0-1"]
[WhiteTitle "WFM"]
[WhiteElo "2128"]
[BlackElo "2253"]
[WhiteFideId "34165670"]
[BlackFideId "4176715"]
[EventDate "2015.09.02"]

1. e4 c5 2. Nf3 d6 3. d4 cxd4 4. Nxd4 Nf6 5. Nc3 a6 6. Bg5 Nbd7 7. f4 Qc7 8. Qf3
g6 9. O-O-O Bg7 10. Be2 h6 11. Bh4 O-O 12. Kb1 Rb8 13. g4 b5 14. g5 hxg5 15.
Bxg5 Bb7 16. Nd5 Nxd5 17. exd5 Rfc8 18. Nc6 Bxc6 19. dxc6 Nf6 20. Bd3 Qxc6 21.
Qe2 Nd5 22. Qe1 b4 23. f5 gxf5 24. Bxf5 e6 25. Bd3 Qb6 26. Qg3 Kf8 27. Rdf1 Qd4
28. Bc1 b3 29. axb3 Nc3+ 30. Ka1 Rc5 31. Rxf7+ Kxf7 32. Qg6+ Ke7 33. Bg5+ Kd7
34. Qf7+ Kc6 35. Bd8 Rxd8 36. b4 Ra5+ 0-1

[Event "World Junior Girls 2015"]
[Site "Khanty-Mansiysk RUS"]
[Date "2015.09.14"]
[Round "12.9"]
[White "Nguyen, Thi Thuy Trien"]
[Black "Aulia, Medina Warda"]
[Result "1-0"]
[WhiteTitle "WFM"]
[BlackTitle "WGM"]
[WhiteElo "1939"]
[BlackElo "2417"]
[WhiteFideId "12404179"]
[BlackFideId "7101570"]
[EventDate "2015.09.02"]

1. d4 e6 2. c4 Nf6 3. Nc3 Bb4 4. Qc2 d5 5. e3 c6 6. a3 Ba5 7. Bd3 Nbd7 8. Nf3
O-O 9. O-O h6 10. b4 Bc7 11. e4 e5 12. cxd5 cxd5 13. exd5 exd4 14. Nxd4 Ne5 15.
Nf5 Nfg4 16. h3 Nxd3 17. Qxd3 Ne5 18. Qc2 Qf6 19. Ng3 Bxh3 20. gxh3 Nf3+ 21. Kh1
Rac8 22. Bb2 Be5 23. Rac1 Qh4 24. Kg2 Ng5 25. Qf5 Rc4 26. Nce4 Rxe4 27. Nxe4
Bxb2 28. Rc4 Nh7 29. d6 b5 30. Qxb5 f5 31. Ng3 f4 32. Qd5+ Kh8 33. d7 Bf6 34.
Rc8 Bd8 35. Ne4 f3+ 36. Kh2 Nf6 37. Nxf6 Qxf6 38. Rg1 g5 39. Rg4 Kh7 40. Qe4+
Kg8 41. Rc6 Bc7+ 42. Kh1 1-0

[Event "World Junior Girls 2015"]
[Site "Khanty-Mansiysk RUS"]
[Date "2015.09.14"]
[Round "12.11"]
[White "Bayarmaa, Bayarjargal"]
[Black "Wozniak, Mariola"]
[Result "1/2-1/2"]
[WhiteTitle "WFM"]
[BlackTitle "WCM"]
[WhiteElo "2265"]
[BlackElo "2198"]
[WhiteFideId "4900260"]
[BlackFideId "1152050"]
[EventDate "2015.09.02"]

1. d4 f5 2. c4 Nf6 3. Nf3 g6 4. g3 Bg7 5. Bg2 O-O 6. O-O d6 7. Nc3 Nc6 8. d5 Na5
9. Qd3 e5 10. dxe6 Bxe6 11. b3 Nc6 12. Ng5 Bd7 13. Bf4 h6 14. Nf3 Ne4 15. Nxe4
fxe4 16. Qxe4 Bxa1 17. Rxa1 Qf6 18. Rd1 Rae8 19. Qd5+ Kh7 20. Qd2 g5 21. Be3 Bg4
22. h3 Bh5 23. h4 gxh4 24. Nxh4 Rg8 25. b4 Rg4 26. Qd3+ Kg8 27. Nf5 Rg6 28. Qd5+
Kh7 29. Nh4 Bxe2 30. Re1 Re5 31. Qd2 Bxc4 32. Nxg6 Qxg6 33. Rc1 Bf7 34. Bf4 Re7
35. b5 Nd8 36. Re1 Rxe1+ 37. Qxe1 Qe6 38. Qb1+ Kg7 39. Qb2+ Kg8 40. Qc1 Qc4 41.
Qd1 Kh7 42. a4 Bg6 43. Bf1 Qc2 44. Qg4 Qf5 45. Qh4 Nf7 46. Qe7 Qc2 47. a5 Kg8
48. Qe3 b6 49. a6 Qe4 50. Qc1 Qc2 51. Bxh6 Nxh6 52. Qxh6 Be4 53. Qe3 d5 54. f3
Bg6 55. Qe6+ Bf7 56. Qc8+ Kg7 57. Qg4+ Kf8 58. Qc8+ Ke7 59. Qb7 Qc5+ 60. Kh2
Qc2+ 61. Kg1 Qc5+ 62. Kh2 Qc2+ 63. Bg2 Qh7+ 64. Kg1 Qb1+ 65. Bf1 Qc1 66. f4 Be6
67. f5 Qc5+ 68. Kh2 Bxf5 69. Bg2 d4 70. Qxa7 d3 71. Qb7 d2 72. Qf3 Qd4 73. Qe2+
Be4 74. Bxe4 d1=Q 75. Qxd1 Qxd1 76. a7 Qh5+ 77. Kg1 Qd1+ 78. Kh2 Qd2+ 79. Bg2
Qh6+ 80. Kg1 Qe3+ 1/2-1/2

[Event "World Junior Girls 2015"]
[Site "Khanty-Mansiysk RUS"]
[Date "2015.09.14"]
[Round "12.12"]
[White "Michelle Catherina, P"]
[Black "Kusenkova, Natallia"]
[Result "0-1"]
[WhiteTitle "WIM"]
[WhiteElo "2259"]
[BlackElo "2155"]
[WhiteFideId "5005736"]
[BlackFideId "13506501"]
[EventDate "2015.09.02"]

1. e4 e5 2. Nf3 Nc6 3. Bb5 a6 4. Ba4 Nf6 5. d3 b5 6. Bb3 Be7 7. a4 Bb7 8. O-O
O-O 9. Re1 d6 10. c3 Na5 11. Bc2 c5 12. Nbd2 b4 13. Nf1 Nc6 14. Ng3 Bc8 15. h3
Qc7 16. Bb3 bxc3 17. bxc3 Rb8 18. Ba2 Na5 19. d4 c4 20. Ba3 Rd8 21. Qe2 Nb3 22.
Rad1 exd4 23. Nxd4 Bf8 24. Ndf5 Be6 25. Bxd6 Bxd6 26. Nxd6 Rxd6 27. Rxd6 Qxd6
28. e5 Qe7 29. exf6 Qxf6 30. Qe3 Rd8 31. Bb1 h6 32. Nh5 Qg5 33. Nf4 Bf5 34. h4
Qf6 35. Nh5 Qe6 36. Qxe6 Bxe6 37. Nf4 Nc5 38. Nxe6 fxe6 39. a5 Rd2 40. Bg6 Kf8
41. Re3 Ke7 42. Rf3 Rd7 43. Rf4 Nd3 44. Rf7+ Kd6 45. Rf8 Kd5 46. Bh5 Rc7 47. Ra8
Nc5 48. Bf3+ Ke5 49. h5 Na4 50. Rxa6 Nxc3 51. Kf1 Nd5 52. Bg4 c3 53. Rxe6+ Kd4
54. Bf5 c2 55. Re4+ Kc3 56. Re1 Nb4 57. Re3+ Kd4 58. Bxc2 Nxc2 59. Re6 Nb4 60.
g4 Nd3 61. Kg1 Ra7 62. Rg6 Nf4 63. Rd6+ Ke5 64. Rb6 Rxa5 65. Rb7 Ne6 66. Rf7 Ra4
67. f3 Rf4 68. Re7 Rxf3 69. Kg2 Ra3 70. Rf7 Rc3 71. Rf5+ Ke4 72. Rf7 Rc7 73. Rf5
Nf4+ 74. Kf2 Rc2+ 75. Kg3 Rc3+ 76. Kf2 Rf3+ 77. Ke1 Ng2+ 0-1

[Event "World Junior Girls 2015"]
[Site "Khanty-Mansiysk RUS"]
[Date "2015.09.14"]
[Round "12.13"]
[White "Assaubayeva, Bibissara"]
[Black "Amrayeva, Aytan"]
[Result "0-1"]
[WhiteTitle "WFM"]
[BlackTitle "WCM"]
[WhiteElo "2241"]
[BlackElo "2145"]
[WhiteFideId "13708694"]
[BlackFideId "13405101"]
[EventDate "2015.09.02"]

1. d4 Nf6 2. c4 g6 3. Nc3 Bg7 4. e4 d6 5. h3 Nbd7 6. Nf3 O-O 7. Be3 e5 8. d5 Nc5
9. Nd2 a5 10. g4 Ne8 11. h4 f5 12. g5 c6 13. h5 Rf7 14. Qc2 Na6 15. hxg6 hxg6
16. f3 Nb4 17. Qb3 cxd5 18. cxd5 Nc7 19. a3 Nba6 20. Nc4 Nc5 21. Bxc5 dxc5 22.
Nb6 Qxg5 23. d6 Qe3+ 24. Be2 Ne6 25. Nbd5 Nd4 26. Nxe3 Nxb3 27. Bc4 Nxa1 28. Kd2
Kf8 29. Bxf7 Kxf7 30. Rxa1 Ra6 31. Kc2 Rxd6 32. Nc4 Rd4 33. Nxa5 b6 34. Nb3 Rd8
35. Nd5 Be6 36. Rd1 g5 37. Nc1 Bxd5 38. exd5 Rh8 39. Rd2 Ke7 40. Ne2 Rh3 41. Rd3
c4 42. Re3 Kd6 43. Nc3 e4 44. Nb5+ Kd7 45. b3 cxb3+ 46. Rxb3 exf3 0-1

[Event "World Junior Girls 2015"]
[Site "Khanty-Mansiysk RUS"]
[Date "2015.09.14"]
[Round "12.14"]
[White "Sazonova, Anastasia"]
[Black "Terbe, Julianna"]
[Result "0-1"]
[WhiteTitle "WFM"]
[BlackTitle "WFM"]
[WhiteElo "2020"]
[BlackElo "2233"]
[WhiteFideId "24131008"]
[BlackFideId "708780"]
[EventDate "2015.09.02"]

1. d4 b5 2. e4 a6 3. Bd3 Bb7 4. Be3 Nf6 5. Nd2 e6 6. f3 d5 7. e5 Nfd7 8. Ne2 c5
9. c3 Nc6 10. Rc1 Qb6 11. Bf2 Be7 12. O-O c4 13. Bc2 a5 14. f4 g6 15. Nf3 b4 16.
Bh4 Qd8 17. Bxe7 Qxe7 18. g4 h5 19. h3 hxg4 20. hxg4 O-O-O 21. Kg2 f6 22. Rh1 g5
23. Qd2 gxf4 24. Rxh8 Rxh8 25. Nxf4 Rg8 26. Ng6 Qf7 27. exf6 Qxf6 28. Nfh4 e5
29. Rf1 Qg7 30. Ba4 Kc7 31. Bxc6 Bxc6 32. Qf2 exd4 33. cxd4 Re8 34. Qf4+ Kb6 35.
Qd6 Qxd4 36. Rf4 Qxb2+ 37. Rf2 Re2 38. Rxe2 Qxe2+ 39. Kh3 Qf1+ 40. Kg3 Qf6 41.
Qxf6 Nxf6 42. Nf3 b3 43. axb3 cxb3 44. Kf4 Ne4 0-1

[Event "World Junior Girls 2015"]
[Site "Khanty-Mansiysk RUS"]
[Date "2015.09.14"]
[Round "12.15"]
[White "Ivanova, Karina"]
[Black "Vasova, Maria"]
[Result "1-0"]
[WhiteTitle "WFM"]
[WhiteElo "2177"]
[BlackElo "2069"]
[WhiteFideId "24139750"]
[BlackFideId "2900955"]
[EventDate "2015.09.02"]

1. d4 d5 2. c4 c6 3. cxd5 cxd5 4. Nc3 Nf6 5. Nf3 Nc6 6. Bf4 Bf5 7. e3 e6 8. Bb5
Bd6 9. Bg3 O-O 10. O-O Rc8 11. Rc1 a6 12. Bxc6 Rxc6 13. Na4 Bxg3 14. hxg3 Qc8
15. Ne5 Rc7 16. Nb6 Rxc1 17. Nxc8 Rxd1 18. Ne7+ Kh8 19. Rxd1 Ng4 20. Nd7 Re8 21.
Rc1 g5 22. Nxf5 exf5 23. Nb6 f4 24. gxf4 gxf4 25. Nxd5 fxe3 26. Nxe3 Nxe3 27.
Re1 Rc8 28. Rxe3 Rc1+ 29. Kh2 Rc2 30. Rb3 b5 31. Kg3 Kg7 32. Kf3 Kf6 33. Ra3
Rxb2 34. Rxa6+ Kg5 35. Rb6 f5 36. g3 h5 37. d5 Rxa2 38. Rxb5 Rd2 39. Ke3 Rd1 40.
Ke2 Rd4 41. Rc5 Kf6 42. Ke3 Rd1 43. f4 Rg1 44. Kf2 Rd1 45. Rc6+ Kf7 46. Rd6 Ke7
47. Re6+ Kf7 48. Rh6 Rxd5 49. Rxh5 Ke6 50. Kg2 Rd1 51. Rh6+ Kf7 52. Rh1 Rxh1 53.
Kxh1 Kg6 54. Kg2 Kh5 55. Kf2 Kg4 56. Kg2 Kh5 57. Kf3 Kg6 58. Ke3 Kh5 59. Kd4 Kg4
60. Ke5 Kxg3 1-0

[Event "World Junior Girls 2015"]
[Site "Khanty-Mansiysk RUS"]
[Date "2015.09.14"]
[Round "12.16"]
[White "Saranya, J"]
[Black "Paredes Bustamante, Paula"]
[Result "1-0"]
[WhiteTitle "WFM"]
[BlackTitle "WFM"]
[WhiteElo "2144"]
[BlackElo "2156"]
[WhiteFideId "5031931"]
[BlackFideId "3804992"]
[EventDate "2015.09.02"]

1. e4 c5 2. b3 d6 3. Bb2 Nf6 4. Bb5+ Nbd7 5. d3 e6 6. Nd2 Be7 7. Ne2 O-O 8. O-O
a6 9. Bxd7 Bxd7 10. Ng3 Bc6 11. f4 b5 12. Kh1 Rb8 13. Qe2 Ba8 14. e5 Ne8 15. Qg4
dxe5 16. fxe5 Kh8 17. Nh5 c4 18. bxc4 bxc4 19. Nxc4 Bd5 20. Bc3 Qc8 21. Rf4 Qc6
22. Raf1 g6 23. Nf6 Bxf6 24. exf6 g5 25. Rd4 h6 26. Qh3 Kh7 27. Bd2 Rg8 28. Ne5
Qc7 29. Qxh6+ 1-0

[Event "World Junior Girls 2015"]
[Site "Khanty-Mansiysk RUS"]
[Date "2015.09.14"]
[Round "12.17"]
[White "Utiatskaja, Irina"]
[Black "Gelip, Ioana"]
[Result "1/2-1/2"]
[WhiteTitle "WFM"]
[WhiteElo "2201"]
[BlackElo "2139"]
[WhiteFideId "24140848"]
[BlackFideId "1202260"]
[EventDate "2015.09.02"]

1. Nf3 c5 2. e4 d6 3. d4 cxd4 4. Nxd4 Nf6 5. Nc3 a6 6. h3 e5 7. Nde2 Be6 8. g4
d5 9. exd5 Nxd5 10. Bg2 Nxc3 11. Qxd8+ Kxd8 12. Nxc3 Nc6 13. Be3 Rc8 14. Bb6+
Ke8 15. O-O-O Be7 16. Kb1 h5 17. gxh5 Rxh5 18. Ne4 Nb4 19. c3 Bxa2+ 20. Ka1 Nd5
21. Ng3 Rh6 22. Bxd5 Bxd5 23. Rxd5 Rxb6 24. Rxe5 Rc5 25. Re4 Kd7 26. Ne2 Rf5 27.
f4 Rd5 28. Nd4 Bf6 29. Rhe1 Bxd4 30. Re7+ Kd6 31. cxd4 Ra5+ 32. Kb1 Rab5 33.
R7e2 a5 34. Rg1 g6 35. Rg5 a4 36. Ka2 Rd5 37. Re8 Rbb5 38. h4 Rxg5 39. fxg5 Rb4
40. Re4 Kd5 41. Rf4 Rxd4 42. Rxf7 Rxh4 43. Rxb7 Ke5 44. Ka3 Rg4 45. Rb5+ Ke6 46.
Ra5 Rg2 47. Rc5 Rg4 48. Rb5 Kf7 49. Re5 Rg2 50. Ka2 Rg1 51. Ra5 Ke6 52. Ka3 Rg4
53. Rb5 Kf7 54. Rb7+ Ke6 55. Rb6+ Kf5 1/2-1/2

[Event "World Junior Girls 2015"]
[Site "Khanty-Mansiysk RUS"]
[Date "2015.09.14"]
[Round "12.18"]
[White "Sviridova, Vlada"]
[Black "Monnisha, G K"]
[Result "1/2-1/2"]
[WhiteTitle "WFM"]
[BlackTitle "WFM"]
[WhiteElo "2125"]
[BlackElo "2004"]
[WhiteFideId "24109606"]
[BlackFideId "5009936"]
[EventDate "2015.09.02"]

1. d4 Nf6 2. c4 e6 3. Nf3 d5 4. Nc3 dxc4 5. e4 Bb4 6. Bg5 h6 7. Bxf6 Qxf6 8.
Bxc4 c5 9. O-O cxd4 10. e5 Qe7 11. Bb5+ Bd7 12. Qxd4 O-O 13. Bxd7 Nxd7 14. Ne4
Rfd8 15. a3 Ba5 16. Rfd1 Bc7 17. Qc3 Rac8 18. Nd6 Bxd6 19. exd6 Qf6 20. Qxf6
gxf6 21. Nd4 Nb6 22. Nb5 a6 23. Nc7 Nc4 24. Ne8 f5 25. b3 Na5 26. Rd3 Kf8 27.
Nf6 Rc6 28. Rad1 b5 29. g4 f4 30. Kg2 Nb7 31. Kf3 e5 32. Ne4 Kg7 33. h4 f6 34.
h5 Rd7 35. b4 Kf7 36. Ke2 Rc4 37. f3 Ke6 38. Rd5 Rc2+ 39. R1d2 Rc1 40. Rd1 Rc2+
41. R1d2 Rc1 42. Rd1 1/2-1/2

[Event "World Junior Girls 2015"]
[Site "Khanty-Mansiysk RUS"]
[Date "2015.09.14"]
[Round "12.19"]
[White "Thomas, Anysia"]
[Black "Leonardi, Caterina"]
[Result "1/2-1/2"]
[WhiteElo "2035"]
[BlackElo "2080"]
[WhiteFideId "670472"]
[BlackFideId "14601036"]
[EventDate "2015.09.02"]

1. d4 d5 2. c4 c6 3. Nf3 Nf6 4. e3 a6 5. Bd3 Bg4 6. Nbd2 dxc4 7. Bxc4 e6 8. O-O
Bb4 9. Qb3 Qe7 10. Ne5 Bf5 11. a3 Bd6 12. Re1 Bg6 13. Ndf3 O-O 14. Nxg6 hxg6 15.
e4 b5 16. Bxe6 Bxh2+ 17. Nxh2 fxe6 18. Bd2 Rd8 19. Bb4 Qf7 20. Nf3 Ng4 21. Re2
a5 22. Ng5 Qf6 23. Qxe6+ Qxe6 24. Nxe6 Rd7 25. Bc3 Na6 26. f3 Nf6 27. Bxa5 Re8
28. Nc5 Nxc5 29. dxc5 Nh5 30. a4 bxa4 31. Rxa4 Ra8 32. Ra3 Rb8 33. Bb6 Nf4 34.
Rc2 g5 35. b4 Rd1+ 36. Kf2 Rb1 37. Ba5 Rd1 38. Rb3 Rb5 39. g3 Rh1 40. Rcc3 Ne6
41. Kg2 Ra1 42. Ra3 Rb1 43. Rd3 g4 44. e5 Rb2+ 45. Kf1 gxf3 46. Rxf3 Rb7 47. Rf2
Rb1+ 48. Kg2 Rd7 49. Raf3 Rd5 50. Re3 Ra1 51. Kh3 Rd4 52. Kg2 Kh7 53. Rf1 Ra2+
54. Rf2 Ra1 55. Ree2 Kg6 56. Rd2 Rxd2 57. Rxd2 Kf5 58. Rd6 Ra2+ 59. Kf1 Nxc5 60.
Rxc6 Ne6 61. Bc7 Nxc7 62. Rxc7 Rb2 63. Rxg7 Rxb4 64. Re7 Rb2 65. e6 Kf6 66. Re8
Ra2 67. Kg1 Re2 68. Rf8+ Kg7 69. Re8 Kf6 70. e7 Kf7 71. Rf8+ Kxe7 72. Rf2 Rxf2
73. Kxf2 Kf6 74. Kg2 Ke5 1/2-1/2

[Event "World Junior Girls 2015"]
[Site "Khanty-Mansiysk RUS"]
[Date "2015.09.14"]
[Round "12.20"]
[White "Badamkhand, Norovsambuu"]
[Black "Drogovoz, Maria"]
[Result "1-0"]
[BlackTitle "WFM"]
[WhiteElo "2001"]
[BlackElo "1924"]
[WhiteFideId "4901681"]
[BlackFideId "4176731"]
[EventDate "2015.09.02"]

1. d4 Nf6 2. c4 e6 3. Nc3 Bb4 4. Qc2 d6 5. Nf3 Nbd7 6. Bd2 b6 7. e4 Bxc3 8. Bxc3
d5 9. cxd5 exd5 10. e5 Ne4 11. Bd3 Nxc3 12. bxc3 h6 13. O-O O-O 14. Nd2 c5 15.
f4 c4 16. Be2 Bb7 17. f5 f6 18. e6 Nb8 19. Nf3 Nc6 20. Nh4 Ne7 21. Rf3 Qd6 22.
Qd2 b5 23. Rg3 Kh7 24. Bh5 Bc6 25. Qe2 Qf4 26. Rg4 Qc7 27. Rf1 Be8 28. Rg3 g5
29. fxg6+ Kg7 30. Nf5+ Nxf5 31. Rxf5 Bc6 32. e7 Rfe8 33. Qe6 Rxe7 34. Qxf6+ Kg8
35. g7 Re1+ 36. Kf2 1-0